| 000 | 00437cam a22001814a 4500 | ||
|---|---|---|---|
| 005 | 20250605164254.0 | ||
| 008 | 250528s ||||||||||||||||||||||||d | ||
| 035 | _a21880 | ||
| 040 |
_aGR-AtMCL _bgre _dGR-AtMCL _eAACR2 |
||
| 245 | 1 | _aΤΟ ΒΙΒΛΙΟ ΤΗΣ PASCAL | |
| 250 | _a1 | ||
| 260 | _c1989 | ||
| 300 | _a316 | ||
| 700 | 1 |
_aΓιαχουδη-Γιαπουλη _95672 |
|
| 942 | _cBK | ||
| 999 |
_c6938 _d6938 |
||